Немецко-русский и русско-немецкий словарь (Запись № 9903294)

Подробности
000 -МАРКЕР
контрольное поле 01526nam0a2200361 4500
001 - ИДЕНТИФИКАТОР ЗАПИСИ
контрольное поле RU\NLR\BIBL_A\010021417
005 - ИДЕНТИФИКАТОР ВЕРСИИ
контрольное поле 20260406062136.0
010 ## - МЕЖДУНАРОДНЫЙ СТАНДАРТНЫЙ НОМЕР КНИГИ (ISBN)
Номер (ISBN) 978-5-7062-0191-3
Тираж 10000
021 ## - НОМЕР ГОСУДАРСТВЕННОЙ РЕГИСТРАЦИИ
Код страны Российская Федерация
Номер 13-94895
035 ## - ДРУГИЕ СИСТЕМНЫЕ НОМЕРА
Идентификатор записи (NILC)RuMoRGB-006704485
035 ## - ДРУГИЕ СИСТЕМНЫЕ НОМЕРА
Идентификатор записи (NLR Aleph) 010021417
100 ## - ДАННЫЕ ОБЩЕЙ ОБРАБОТКИ
Данные общей обработки 20140115d2013 |||y0rusy50 ca
101 0# - ЯЗЫК РЕСУРСА
Язык текста, звукозаписи и т.д. русский
-- немецкий
102 ## - СТРАНА ПУБЛИКАЦИИ ИЛИ ПРОИЗВОДСТВА
Страна публикации Российская Федерация
105 ## - ПОЛЕ КОДИРОВАННЫХ ДАННЫХ: ТЕКСТОВЫЕ МАТЕРИАЛЫ, МОНОГРАФИЧЕСКИЕ
Кодированные данные о монографическом текстовом документе y||||||||||||
200 1# - ЗАГЛАВИЕ И СВЕДЕНИЯ ОБ ОТВЕТСТВЕННОСТИ
Основное заглавие Немецко-русский и русско-немецкий словарь
Сведения, относящиеся к заглавию около 26000 слов в каждой части
Первые сведения об ответственности [сост.: Филлипова М.С.
Последующие сведения об ответственности ред.: Никитина И.К.]
210 ## - ПУБЛИКАЦИЯ, РАСПРОСТРАНЕНИЕ И ДР.
Место издания, распространения и т.д. Санкт-Петербург
Имя издателя, распространителя и т. д. Виктория плюс
Дата издания, распространения и т.д. 2013
215 ## - ФИЗИЧЕСКАЯ ХАРАКТЕРИСТИКА
Специфическое обозначение материала и объем 958 с.
Размеры 17
225 1# - СЕРИЯ
Основное заглавие серии Neu
300 ## - ОБЩИЕ ПРИМЕЧАНИЯ
Текст примечания На обл. подзаг.: более 52000 слов
606 1# - НАИМЕНОВАНИЕ ТЕМЫ КАК ПРЕДМЕТ
Наименование темы Немецкий язык
Тематический подзаголовок Словари
-- Русский язык
Системный номер авторитетной/нормативной записи 1696762
Идентификатор авторитетной/нормативной записи RU\NLR\AUTH\66754878
606 1# - НАИМЕНОВАНИЕ ТЕМЫ КАК ПРЕДМЕТ
Наименование темы Русский язык
Тематический подзаголовок Словари
-- Немецкий язык
Системный номер авторитетной/нормативной записи 1537828
Идентификатор авторитетной/нормативной записи RU\NLR\AUTH\66971516
686 1# - ИНДЕКСЫ ДРУГИХ КЛАССИФИКАЦИЙ
Индекс Ш143.24-491перев
686 1# - ИНДЕКСЫ ДРУГИХ КЛАССИФИКАЦИЙ
Индекс Ш141.12-491перев
702 #1 - ИМЯ ЛИЦА - ВТОРИЧНАЯ ОТВЕТСТВЕННОСТЬ
Код отношения Составитель
Графика поля Кириллица
Материалы, к которым относится поле rus
Начальный элемент ввода Филиппова
Часть имени, кроме начального элемента ввода М. С.
Дополнения к именам, кроме дат филолог, нем. язык
Системный номер авторитетной/нормативной записи 122063
Идентификатор авторитетной/нормативной записи RU\NLR\AUTH\7712341
702 #1 - ИМЯ ЛИЦА - ВТОРИЧНАЯ ОТВЕТСТВЕННОСТЬ
Код отношения Редактор
Графика поля Кириллица
Материалы, к которым относится поле rus
Начальный элемент ввода Никитина
Часть имени, кроме начального элемента ввода И. К.
Дополнения к именам, кроме дат ред. изд-ва
Системный номер авторитетной/нормативной записи 52090
Идентификатор авторитетной/нормативной записи RU\NLR\AUTH\7769162
801 #0 - ИСТОЧНИК ЗАПИСИ
Страна Российская Федерация
Организация RuMoRKP
Дата составления 20030403
Правила каталогизации RCR
942 ## - ДОПОЛНИТЕЛЬНЫЕ ЭЛЕМЕНТЫ ЗАПИСИ (АБИС)
Тип экземпляра АБИС Книга
980 ## - КОЛЛЕКЦИЯ
Название коллекции Национальная библиография
Экземпляры
Тип экземпляра Дата поступления Источник поступления Библиотека постоянного хранения Библиотека текущего хранения Место хранения Шифр хранения Штрих-код Статус экземпляра
Книга 15.01.2014 Обязательный экземпляр РНБ (Московский) РНБ (Московский) Центральная справочная библиотека С 2014-1/4 1-72542  
Книга 15.01.2014 Обязательный экземпляр РНБ (Московский) РНБ (Московский) Центральная справочная библиотека С 2014-1/4 1-72543